[Event "FIDE World Rapid Team"]
[Site "Almaty KAZ"]
[Date "2024.08.02"]
[Round "2.5"]
[White "Tokbayev, Anuar"]
[Black "Amangeldinov, Alkey"]
[Result "1-0"]
[WhiteElo "1880"]
[BlackElo "1721"]
[WhiteTeam "Astana-2"]
[BlackTeam "KRG-Team"]
[WhiteFideId "13724703"]
[BlackFideId "13770268"]
[EventDate "2024.08.02"]

1. d4 d5 2. c4 c6 3. Nf3 Nf6 4. Nc3 dxc4 5. g3 Bf5 6. Bg2 e6 7. O-O Nbd7 8. Nh4
Bg6 9. Bg5 Be7 10. Nxg6 hxg6 11. e4 Nxe4 12. Nxe4 Bxg5 13. Nd6+ Ke7 14. Nxc4 Nb6
15. Na5 Bf6 16. Bxc6 Qxd4 17. Qf3 Qc5 18. Nxb7 Qh5 19. Qa3+ 1-0

[Event "FIDE World Rapid Team"]
[Site "Almaty KAZ"]
[Date "2024.08.02"]
[Round "2.6"]
[White "Zharkenova, Safiya"]
[Black "Altynbek, Aiaru"]
[Result "0-1"]
[BlackTitle "WFM"]
[WhiteElo "1424"]
[BlackElo "1990"]
[WhiteTeam "KRG-Team"]
[BlackTeam "Astana-2"]
[WhiteFideId "13748890"]
[BlackFideId "13752472"]
[EventDate "2024.08.02"]

1. d4 d5 2. Nf3 Nf6 3. Bf4 c5 4. e3 cxd4 5. exd4 Nc6 6. c3 Bg4 7. Be2 e6 8. O-O
Bd6 9. Bxd6 Qxd6 10. Nbd2 O-O 11. h3 Bh5 12. Re1 Rab8 13. Ne5 Bxe2 14. Rxe2 b5
15. a3 a5 16. Nxc6 Qxc6 17. Rc1 Qd6 18. Nf3 b4 19. axb4 axb4 20. Ne5 h6 21. Nd3
bxc3 22. bxc3 Rfc8 23. Nc5 Rc6 24. Rb1 Rcb6 25. Rxb6 Qxb6 26. Re1 Qa5 27. Qa1
Qb5 28. Qd1 Ne8 29. Qd3 Qxd3 30. Nxd3 Rb3 31. Rc1 Nd6 32. Nc5 Ra3 33. Nd7 Nb5
34. c4 Nxd4 35. cxd5 Ne2+ 36. Kh2 Nxc1 37. dxe6 fxe6 38. Nc5 e5 39. f3 Ne2 40.
Ne4 Ra2 41. Nc5 Nf4 42. Kg3 Rxg2+ 43. Kh4 g5# 0-1

[Event "FIDE World Rapid Team"]
[Site "Almaty KAZ"]
[Date "2024.08.02"]
[Round "2.7"]
[White "Beristenov, Kair"]
[Black "Khusnutdinov, Rustam"]
[Result "1/2-1/2"]
[BlackTitle "GM"]
[WhiteElo "1995"]
[BlackElo "2429"]
[WhiteTeam "Future GM"]
[BlackTeam "Helicopter"]
[WhiteFideId "13777831"]
[BlackFideId "13701703"]
[EventDate "2024.08.02"]

1. e4 d5 2. exd5 Qxd5 3. Nc3 Qa5 4. d4 Nf6 5. Bc4 Nc6 6. d5 Nb4 7. Bb3 c6 8. Bd2
Qa6 9. dxc6 Nxc6 10. Qe2 Qxe2+ 11. Ngxe2 Bf5 12. O-O-O e6 13. Ng3 Bg6 14. h4 h6
15. h5 Bh7 16. Nb5 O-O-O 17. Bf4 Nd5 18. Bxd5 exd5 19. Be3 a6 20. Na7+ Kc7 21.
Bf4+ Bd6 22. Bxd6+ Kxd6 23. Nxc6 bxc6 24. Rhe1 Rhe8 25. Rh1 Kc5 26. Rh4 Re5 27.
Rg4 Rg5 28. Rf4 Rd7 29. Re1 f6 30. Re8 Kb6 31. b4 Rb7 32. a4 Ka7 33. Rc8 Be4 34.
Nxe4 dxe4 35. Rxe4 Rxg2 36. Rxc6 Rxf2 37. c3 Rf5 38. Ree6 Rxh5 39. Rxa6+ Kb8 40.
Re8+ Kc7 41. Rae6 Rd5 42. a5 h5 43. a6 Ra7 44. Kc2 h4 45. c4 Rd6 46. b5 Rxe6 47.
Rxe6 Kd7 48. Re4 g5 49. c5 h3 50. Rd4+ Kc8 51. c6 h2 52. Rd1 g4 53. b6 Rxa6 54.
b7+ Kc7 55. Rd7+ Kxc6 56. b8=Q Kxd7 57. Qb7+ Ke8 58. Qc8+ Kf7 59. Qd7+ Kf8 60.
Qc8+ Ke7 61. Qb7+ Kf8 62. Qc8+ Kf7 63. Qd7+ Kf8 64. Qc8+ Kf7 65. Qd7+ 1/2-1/2

[Event "FIDE World Rapid Team"]
[Site "Almaty KAZ"]
[Date "2024.08.02"]
[Round "2.8"]
[White "Gubaydulin, Talgat"]
[Black "Borumbayev, Adil"]
[Result "0-1"]
[WhiteTitle "IM"]
[WhiteElo "2385"]
[BlackElo "1848"]
[WhiteTeam "Helicopter"]
[BlackTeam "Future GM"]
[WhiteFideId "14202174"]
[BlackFideId "13747932"]
[EventDate "2024.08.02"]

1. e4 c5 2. Nc3 g6 3. g3 Bg7 4. Bg2 Nc6 5. d3 Nf6 6. Nge2 O-O 7. h3 e6 8. Be3 b6
9. e5 Nd5 10. Nxd5 exd5 11. Bxd5 Bxe5 12. c3 Bb7 13. O-O Bg7 14. d4 d6 15. h4
Qd7 16. h5 Qf5 17. Nf4 Rab8 18. Bg2 Ne7 19. g4 Qf6 20. d5 Bc8 21. f3 Bh6 22. Qd2
Re8 23. Rae1 Ba6 24. Rf2 Bxf4 25. Bxf4 Nxd5 26. Rxe8+ Rxe8 27. Bg5 Qe6 28. Kh2
Nf6 29. Qf4 Nd7 30. Qa4 Bc8 31. Qxa7 Qe1 32. Bh4 Ne5 33. Bg3 Bxg4 34. Qxb6 Bxf3
35. Bxe5 Qxf2 0-1

[Event "FIDE World Rapid Team"]
[Site "Almaty KAZ"]
[Date "2024.08.02"]
[Round "2.9"]
[White "Zeynyshev, Elnur"]
[Black "Primbetov, Kazbek"]
[Result "0-1"]
[BlackTitle "FM"]
[WhiteElo "1812"]
[BlackElo "2059"]
[WhiteTeam "Future GM"]
[BlackTeam "Helicopter"]
[WhiteFideId "13719386"]
[BlackFideId "13702297"]
[EventDate "2024.08.02"]

1. e4 c5 2. Nf3 d6 3. Bb5+ Bd7 4. Bxd7+ Nxd7 5. O-O e6 6. d3 Ngf6 7. Ng5 h6 8.
Nh3 g5 9. Nc3 a6 10. Re1 Qc7 11. f4 g4 12. Nf2 h5 13. f5 O-O-O 14. a4 d5 15.
exd5 exd5 16. Bg5 Bd6 17. h3 gxh3 18. Nxh3 Rdg8 19. Qf3 Ne5 20. Qe2 Neg4 21. Qf3
Be5 22. Ne2 Rxg5 23. Nxg5 Rg8 24. Nh3 Bxb2 25. Nef4 Bd4+ 26. Kh1 Bxa1 27. Rxa1
Qe5 28. Rb1 Re8 29. Rf1 Qxf5 30. Nf2 Re3 31. Qd1 Qxf4 32. Nxg4 Qxg4 33. Qa1 Re2 0-1

[Event "FIDE World Rapid Team"]
[Site "Almaty KAZ"]
[Date "2024.08.02"]
[Round "2.10"]
[White "Kovanova, Mariya"]
[Black "Karepov, Ilya"]
[Result "0-1"]
[WhiteTitle "WFM"]
[WhiteElo "2118"]
[BlackElo "1719"]
[WhiteTeam "Helicopter"]
[BlackTeam "Future GM"]
[WhiteFideId "13704818"]
[BlackFideId "13728938"]
[EventDate "2024.08.02"]

1. e4 c6 2. d4 d5 3. exd5 cxd5 4. Bd3 Nf6 5. c3 Nc6 6. Nf3 Bg4 7. h3 Bh5 8. O-O
e6 9. Bf4 Bd6 10. Bxd6 Qxd6 11. Nbd2 O-O 12. Re1 Bg6 13. Bxg6 hxg6 14. Ne5 b5
15. Ndf3 a5 16. Rc1 Rfc8 17. Nxc6 Rxc6 18. Ne5 Rc7 19. Qd3 Qb6 20. Re2 Rac8 21.
Rec2 Ne4 22. f3 Nd6 23. Kh2 Nc4 24. Qe2 Nxe5 25. Qxe5 b4 26. Qe3 Rc4 27. Qd3 a4
28. Kh1 Qc7 29. Kg1 a3 30. bxa3 bxc3 31. Rb1 Qa7 32. Kh1 Rxd4 33. Qb5 Rd2 34.
Qb3 Qf2 35. Rxd2 cxd2 36. Qd1 d4 37. Kh2 d3 38. Rb2 Rc2 39. Rb8+ Kh7 40. Rb4 Qe1
41. Qb1 0-1

[Event "FIDE World Rapid Team"]
[Site "Almaty KAZ"]
[Date "2024.08.02"]
[Round "2.13"]
[White "Shonazarov, Orash"]
[Black "Kazakov, Konstantin"]
[Result "1/2-1/2"]
[WhiteTitle "FM"]
[BlackTitle "IM"]
[WhiteElo "2277"]
[BlackElo "2333"]
[WhiteTeam "Chess Empire"]
[BlackTeam "Storm of Dragons"]
[WhiteFideId "13737910"]
[BlackFideId "13700898"]
[EventDate "2024.08.02"]

1. e4 c5 2. Nf3 e6 3. c3 Nf6 4. e5 Nd5 5. d4 cxd4 6. cxd4 b6 7. Bc4 Bb7 8. O-O
Be7 9. Nc3 Nxc3 10. bxc3 Qc7 11. Qd3 Nc6 12. Bg5 Rc8 13. Bb3 h6 14. Bxe7 Nxe7
15. Rac1 Bxf3 16. Qxf3 O-O 17. h4 d6 18. exd6 Qxd6 19. h5 Nd5 20. Bxd5 Qxd5 21.
Qxd5 exd5 22. Rfe1 Rc7 23. Re5 Rd8 24. Kf1 f6 25. Re3 Kf7 26. Ke2 Rc4 27. Kd2
Ra4 28. Rc2 Rc8 29. Kc1 Rc7 30. Kb2 Rac4 31. Kb3 b5 32. a3 a5 33. Rce2 b4 34.
cxb4 axb4 35. axb4 Rb7 36. Ka3 Ra7+ 37. Kb3 Rxd4 38. Rb2 Rb7 39. Ka3 Rc4 40. b5
d4 41. Rd3 Ke6 42. Rb4 Kd5 43. Kb3 Rxb4+ 44. Kxb4 Ke4 45. Rd1 d3 46. Kc5 Rc7+
47. Kd6 Rc2 48. b6 d2 49. Ke6 Kd3 50. Kf7 Rb2 51. Kxg7 Ke2 52. Ra1 Rxb6 53. Kxh6
Kxf2 54. Kg6 Rd6 55. g4 Kf3 56. h6 f5+ 57. Kxf5 Rxh6 58. g5 Ra6 59. Rd1 Ra5+ 60.
Kf6 Ke2 61. Rxd2+ Kxd2 62. g6 Ke3 63. g7 Ra8 64. Kf7 Ke4 65. g8=Q Rxg8 66. Kxg8
Ke5 1/2-1/2

[Event "FIDE World Rapid Team"]
[Site "Almaty KAZ"]
[Date "2024.08.02"]
[Round "2.14"]
[White "Isaev, Anton"]
[Black "Nurgalimov, Chingis"]
[Result "1-0"]
[WhiteElo "2156"]
[BlackElo "2035"]
[WhiteTeam "Storm of Dragons"]
[BlackTeam "Chess Empire"]
[WhiteFideId "24185132"]
[BlackFideId "4194292"]
[EventDate "2024.08.02"]

1. e4 c5 2. Nf3 e6 3. d4 cxd4 4. Nxd4 a6 5. Qd3 Nf6 6. Nc3 d6 7. Qg3 Nbd7 8. Bd3
b5 9. a3 Bb7 10. O-O Rc8 11. Re1 g6 12. Bg5 e5 13. Nb3 Bg7 14. Rad1 O-O 15. Bf1
Qb6 16. Qd3 Rc6 17. a4 b4 18. Nd5 Nxd5 19. exd5 Rcc8 20. Qh3 Qc7 21. Rd2 Nb6 22.
a5 Nxd5 23. Bxa6 Bxa6 24. Rxd5 Bb7 25. Rd2 d5 26. Qh4 d4 27. Be7 Rfe8 28. Bxb4
Qc6 29. Qg3 Qb5 30. c3 dxc3 31. bxc3 e4 32. Nd4 Qc4 33. Qe3 Qc7 34. Nb5 Qe5 35.
Nd6 Bc6 36. Nxc8 Rxc8 37. Red1 Bf6 38. a6 Bb5 39. a7 Bd3 40. Rxd3 exd3 41. Qxe5
Bxe5 42. Rxd3 Kg7 43. g3 Kf6 44. Rd7 Ke6 45. Rb7 Ra8 46. f4 Bf6 47. Bc5 Kd5 1-0

[Event "FIDE World Rapid Team"]
[Site "Almaty KAZ"]
[Date "2024.08.02"]
[Round "2.15"]
[White "Ermekbaev, Iliyas"]
[Black "Dosmukhambetov, Arystan"]
[Result "0-1"]
[WhiteElo "1621"]
[BlackElo "1976"]
[WhiteTeam "Chess Empire"]
[BlackTeam "Storm of Dragons"]
[WhiteFideId "13784420"]
[BlackFideId "13742418"]
[EventDate "2024.08.02"]

1. e4 c5 2. Nf3 e6 3. d4 cxd4 4. Nxd4 Nf6 5. Nc3 Nc6 6. Ndb5 Bc5 7. Nd6+ Ke7 8.
Bf4 e5 9. Nf5+ Kf8 10. Bg5 d6 11. Ne3 h6 12. Bxf6 Qxf6 13. Ncd5 Qd8 14. c3 a5
15. a4 Be6 16. Bc4 g6 17. O-O Kg7 18. Qf3 Rc8 19. Ba2 Qg5 20. Rad1 Rhf8 21. Bb1
h5 22. h3 Nb8 23. Kh1 Nd7 24. b4 axb4 25. cxb4 Bd4 26. Nc2 Ba7 27. b5 Bc5 28. a5
f6 29. Ncb4 Bg4 30. hxg4 hxg4 31. Qg3 Rh8+ 32. Kg1 Qh5 0-1

[Event "FIDE World Rapid Team"]
[Site "Almaty KAZ"]
[Date "2024.08.02"]
[Round "2.16"]
[White "Akhmet, Suleyman"]
[Black "Sartbayev, Askar"]
[Result "1-0"]
[WhiteElo "1730"]
[BlackElo "1702"]
[WhiteTeam "Storm of Dragons"]
[BlackTeam "Chess Empire"]
[WhiteFideId "13752111"]
[BlackFideId "13751190"]
[EventDate "2024.08.02"]

1. d4 Nf6 2. c4 g6 3. Nc3 Bg7 4. e4 d6 5. f3 O-O 6. Be3 e5 7. d5 a5 8. c5 Na6 9.
cxd6 cxd6 10. Bb5 Nh5 11. Nge2 f5 12. O-O f4 13. Bf2 g5 14. h3 Nf6 15. Na4 h5
16. Nb6 Rb8 17. Nxc8 Rxc8 18. Nc3 Nc5 19. Be2 Qd7 20. Rc1 Bh6 21. a3 Rf7 22. b4
axb4 23. axb4 Na6 24. Bxa6 bxa6 25. Qa4 Qe7 26. Qxa6 g4 27. Qxc8+ Kg7 28. Bh4
Rf8 29. Qe6 Qa7+ 30. Kh1 gxh3 31. gxh3 1-0

[Event "FIDE World Rapid Team"]
[Site "Almaty KAZ"]
[Date "2024.08.02"]
[Round "2.17"]
[White "Adilbekuly, Altair"]
[Black "Kim, Kristina"]
[Result "0-1"]
[BlackTitle "WCM"]
[WhiteElo "1694"]
[BlackElo "1943"]
[WhiteTeam "Chess Empire"]
[BlackTeam "Storm of Dragons"]
[WhiteFideId "13763130"]
[BlackFideId "13712438"]
[EventDate "2024.08.02"]

1. e4 c5 2. Nf3 e6 3. d4 cxd4 4. Nxd4 Nc6 5. Nc3 a6 6. Be3 Nf6 7. a3 e5 8. Nb3
b5 9. Nd5 Rb8 10. f3 d6 11. a4 b4 12. Bc4 Na5 13. Nxf6+ gxf6 14. Bxf7+ Kxf7 15.
Qd5+ Be6 16. Qxa5 Qxa5 17. Nxa5 Rc8 18. O-O-O f5 19. Kb1 f4 20. Bf2 Rg8 21. g3
Bh3 22. Rhg1 Be7 23. Nb3 Bd7 24. a5 Bb5 25. gxf4 Be2 26. Rde1 Bxf3 27. Nd2 Rxg1
28. Rxg1 Be2 29. fxe5 dxe5 30. Bg3 Ke6 31. Rg2 Bd1 32. Nb3 Bf3 33. Rf2 Bxe4 34.
Re2 Kf5 35. Bxe5 Rxc2 36. Nd4+ Kxe5 37. Nxc2 b3 38. Rxe4+ Kxe4 39. Ne1 Bd6 40.
Kc1 Bxh2 41. Kd2 Bc7 42. Nd3 Bxa5+ 43. Ke2 Kd4 44. Nf4 Bc3 45. bxc3+ Kxc3 46.
Nd5+ Kb2 47. Kd2 a5 48. Nb6 Ka2 49. Na4 b2 50. Nc3+ Ka1 51. Kc2 a4 52. Nb1 0-1

[Event "FIDE World Rapid Team"]
[Site "Almaty KAZ"]
[Date "2024.08.02"]
[Round "2.18"]
[White "Kertaev, Natan"]
[Black "Zhumagali, Raian"]
[Result "1-0"]
[BlackTitle "WCM"]
[WhiteElo "1828"]
[BlackElo "1632"]
[WhiteTeam "Storm of Dragons"]
[BlackTeam "Chess Empire"]
[WhiteFideId "13711555"]
[BlackFideId "13730150"]
[EventDate "2024.08.02"]

1. d4 Nf6 2. c4 g6 3. Nf3 Bg7 4. Nc3 O-O 5. e4 d6 6. Be2 e5 7. dxe5 dxe5 8. Qxd8
Rxd8 9. Nd5 Na6 10. Bg5 Rd6 11. Nxf6+ Bxf6 12. Bxf6 Rxf6 13. O-O-O Bg4 14. Rd5
Bxf3 15. Bxf3 Re8 16. Rhd1 c6 17. Rd8 Kf8 18. a3 Nc5 19. Kc2 Ne6 20. R8d3 Nd4+
21. Kc3 c5 22. R1d2 Rb6 23. b4 Rc8 24. Bg4 Rc7 25. b5 Rd6 26. g3 Re7 27. a4 b6
28. Ra2 Re8 29. a5 Red8 30. Rdd2 Kg7 31. f4 f6 32. fxe5 fxe5 33. axb6 axb6 34.
Ra7+ Kg8 35. Rf2 h5 36. Bh3 Ne6 37. Bxe6+ Rxe6 38. Rff7 Rde8 39. Rg7+ Kh8 40.
Rh7+ Kg8 41. Rag7+ Kf8 42. Rb7 Kg8 43. Rhc7 Rf6 44. Kd2 Rf2+ 45. Ke3 Rxh2 46.
Rxb6 Rh3 47. Rxg6+ Kh8 48. b6 h4 49. b7 hxg3 50. Rc8 g2+ 51. Kf2 1-0

[Event "FIDE World Rapid Team"]
[Site "Almaty KAZ"]
[Date "2024.08.02"]
[Round "2.19"]
[White "Kozganbay, Erkin"]
[Black "Tuleyeva-Aketayeva, Dana"]
[Result "1-0"]
[WhiteTitle "FM"]
[BlackTitle "WIM"]
[WhiteElo "2293"]
[BlackElo "2130"]
[WhiteTeam "Chess Ratel"]
[BlackTeam "Abai Chess Team"]
[WhiteFideId "13703773"]
[BlackFideId "13701932"]
[EventDate "2024.08.02"]

1. Nf3 d5 2. g3 g6 3. Bg2 Bg7 4. d4 Nf6 5. O-O O-O 6. c4 c6 7. Nc3 Na6 8. Ne5
Be6 9. cxd5 cxd5 10. Qb3 Rb8 11. Bf4 Nc7 12. Rac1 Nh5 13. Na4 Nxf4 14. gxf4 f6
15. Nd3 Bf7 16. e3 b6 17. Nb4 Qd7 18. Nc3 e6 19. a4 Rfc8 20. Rc2 Ne8 21. Rfc1
Nd6 22. Bf1 Nc4 23. Qa2 a5 24. Na6 Ra8 25. b3 Nd6 26. Nb5 Rxc2 27. Rxc2 Ne4 28.
Nac7 Rc8 29. Qb2 e5 30. f3 Nd6 31. dxe5 fxe5 32. fxe5 Nf5 33. Bh3 Qe7 34. f4 Qh4
35. Bxf5 gxf5 36. Qb1 d4 37. Nxd4 Rxc7 38. Rxc7 Bd5 39. Rxg7+ Kh8 40. Rg3 Be4
41. Qc1 1-0

[Event "FIDE World Rapid Team"]
[Site "Almaty KAZ"]
[Date "2024.08.02"]
[Round "2.20"]
[White "Akylbek, Zhaksylyk"]
[Black "Kassimov, Baurzhan"]
[Result "0-1"]
[BlackTitle "IM"]
[WhiteElo "1662"]
[BlackElo "2260"]
[WhiteTeam "Abai Chess Team"]
[BlackTeam "Chess Ratel"]
[WhiteFideId "13725980"]
[BlackFideId "13704800"]
[EventDate "2024.08.02"]

1. d4 Nf6 2. c3 g6 3. Nd2 Bg7 4. e4 d6 5. f4 O-O 6. Ngf3 c5 7. Bd3 cxd4 8. cxd4
Nc6 9. d5 Nb4 10. Bb1 Qb6 11. a3 Na6 12. Qe2 Bg4 13. Qf2 Nc5 14. O-O Bxf3 15.
gxf3 Rac8 16. h4 Nh5 17. Qe3 Nxf4 18. Kh2 Ncd3 19. Qxb6 axb6 20. Bxd3 Nxd3 21.
Kg3 Be5+ 22. f4 Bg7 23. Nb3 Rc2 24. Rf3 Nxc1 25. Rxc1 Rxc1 26. Nxc1 Bxb2 27. Ne2
Ra8 28. Nc3 Rxa3 29. Nb5 Rxf3+ 30. Kxf3 h5 31. f5 Kg7 32. fxg6 Kxg6 33. Kf4 Bf6
34. Kg3 Be5+ 35. Kf3 Kf6 36. Nc7 Kg6 37. Nb5 Bb2 38. Kf4 Kf6 39. Nc7 Bc1+ 40.
Kf3 Bh6 41. Nb5 0-1

[Event "FIDE World Rapid Team"]
[Site "Almaty KAZ"]
[Date "2024.08.02"]
[Round "2.21"]
[White "Nukin, Askhat"]
[Black "Abuzyarov, Arlan"]
[Result "1-0"]
[WhiteTitle "FM"]
[WhiteElo "2268"]
[BlackElo "1851"]
[WhiteTeam "Chess Ratel"]
[BlackTeam "Abai Chess Team"]
[WhiteFideId "13703625"]
[BlackFideId "13726820"]
[EventDate "2024.08.02"]

1. e4 d6 2. d4 Nf6 3. Nc3 g6 4. f4 Bg7 5. Nf3 O-O 6. Bd3 c5 7. dxc5 dxc5 8. e5
Nd5 9. Nxd5 Qxd5 10. Qe2 Nc6 11. Be4 Qd8 12. c3 Qc7 13. O-O Rd8 14. Be3 b6 15.
b4 a5 16. b5 Bb7 17. bxc6 Bxc6 18. Qc4 e6 19. Rfd1 Bf8 20. a4 Rab8 21. Ng5 Kg7
22. Bxc6 Qxc6 23. Qe4 Qe8 24. g4 b5 25. axb5 Rxb5 26. f5 Rb2 27. fxe6 Rxd1+ 28.
Rxd1 Qb5 29. Qf3 f5 30. exf6+ Kg8 31. e7 Qb8 32. Qd5+ 1-0

[Event "FIDE World Rapid Team"]
[Site "Almaty KAZ"]
[Date "2024.08.02"]
[Round "2.22"]
[White "Matymov, Madi"]
[Black "Ulkhanov, Azamat"]
[Result "0-1"]
[WhiteElo "1824"]
[BlackElo "2006"]
[WhiteTeam "Abai Chess Team"]
[BlackTeam "Chess Ratel"]
[WhiteFideId "13721283"]
[BlackFideId "13700235"]
[EventDate "2024.08.02"]

1. d4 d6 2. e4 Nf6 3. Nc3 e5 4. dxe5 dxe5 5. Qxd8+ Kxd8 6. Bg5 Be6 7. Nf3 Nd7 8.
O-O-O Bd6 9. Bb5 Kc8 10. Bxd7+ Nxd7 11. Be3 f6 12. a3 Nb6 13. Nd2 Be7 14. Nb3
Nd7 15. Rd2 c6 16. Rhd1 Kc7 17. Na4 b6 18. Nc3 Rhd8 19. f3 Bf7 20. Ne2 h5 21.
Ng3 g6 22. Rf2 h4 23. Ne2 a5 24. Nd2 Be6 25. f4 Nc5 26. g3 h3 27. Nc3 Bg4 28.
Rdf1 Nd7 29. Nf3 Rf8 30. Nh4 Rg8 31. f5 g5 32. Ng6 Bc5 33. Bxc5 Nxc5 34. Rd2 b5
35. Kb1 b4 36. Na2 Nxe4 37. Rd3 bxa3 38. bxa3 Be2 39. Ne7 Rgb8+ 0-1

[Event "FIDE World Rapid Team"]
[Site "Almaty KAZ"]
[Date "2024.08.02"]
[Round "2.23"]
[White "Gein, Dmitriy"]
[Black "Demezhanov, Tuleubek"]
[Result "1-0"]
[WhiteElo "1723"]
[BlackElo "1776"]
[WhiteTeam "Chess Ratel"]
[BlackTeam "Abai Chess Team"]
[WhiteFideId "13781022"]
[BlackFideId "13707272"]
[EventDate "2024.08.02"]

1. e4 e5 2. d4 exd4 3. c3 d3 4. Bxd3 d6 5. Nf3 Nf6 6. h3 Be7 7. O-O O-O 8. Be3
Nc6 9. Nbd2 Re8 10. Re1 Ne5 11. Nxe5 dxe5 12. Nc4 Bf8 13. Qe2 h6 14. Rad1 Qe7
15. Na5 b6 16. Nc6 Qe6 17. Nb4 Bb7 18. Bc4 Qe7 19. Nd5 Nxd5 20. Bxd5 c6 21. Bb3
Rad8 22. a4 Rxd1 23. Rxd1 Rd8 24. a5 c5 25. Bd5 Bxd5 26. exd5 f5 27. f3 Qf7 28.
c4 Bd6 29. axb6 axb6 30. Ra1 Re8 31. b4 g5 32. Ra6 e4 33. Rxb6 Qc7 34. Rc6 Qb8
35. f4 gxf4 36. Qh5 fxe3 37. Qg6+ Kh8 38. Qxh6+ Kg8 39. Rxd6 1-0

[Event "FIDE World Rapid Team"]
[Site "Almaty KAZ"]
[Date "2024.08.02"]
[Round "2.24"]
[White "Akylbek, Eskendir"]
[Black "Momyn, Madina"]
[Result "1-0"]
[WhiteElo "1603"]
[BlackElo "1733"]
[WhiteTeam "Abai Chess Team"]
[BlackTeam "Chess Ratel"]
[WhiteFideId "13747860"]
[BlackFideId "13748866"]
[EventDate "2024.08.02"]

1. d4 Nf6 2. c3 g6 3. Nd2 Bg7 4. e4 d6 5. Bd3 Nbd7 6. Ngf3 c5 7. O-O O-O 8. Nc4
b5 9. Ncd2 c4 10. Bc2 Bb7 11. Re1 Nb6 12. Nf1 a5 13. Bf4 b4 14. Qd2 b3 15. Bb1
a4 16. a3 Rc8 17. Bh6 Qc7 18. Ng3 Rfd8 19. Bxg7 Kxg7 20. Qg5 Ra8 21. e5 dxe5 22.
Rxe5 Bxf3 23. gxf3 Rd5 24. Be4 Nxe4 25. fxe4 f6 26. Nh5+ Kg8 27. Qh6 gxh5 28.
Rxd5 Nxd5 29. exd5 Kh8 30. Kh1 Rg8 31. Rg1 Rxg1+ 32. Kxg1 Qd8 33. Qxh5 Qg8+ 34.
Kf1 Qg6 35. Qxg6 hxg6 36. Ke2 Kg7 37. Ke3 f5 38. d6 exd6 39. d5 Kf6 40. Kd4 f4
41. Kxc4 Ke5 42. f3 g5 43. h3 Kf5 44. Kd4 Kf6 45. c4 Ke7 46. c5 dxc5+ 47. Kxc5
Kd7 48. d6 Kd8 49. Kc6 Kc8 50. Kd5 Kd7 1-0

[Event "FIDE World Rapid Team"]
[Site "Almaty KAZ"]
[Date "2024.08.02"]
[Round "2.25"]
[White "Tulegenov, Amir"]
[Black "Orozbaev, Eldiyar"]
[Result "0-1"]
[BlackTitle "FM"]
[WhiteElo "1858"]
[BlackElo "2376"]
[WhiteTeam "Baiterekchess"]
[BlackTeam "Noval Group Kyrgystan"]
[WhiteFideId "13742167"]
[BlackFideId "13802240"]
[EventDate "2024.08.02"]

1. e4 c5 2. Nf3 d6 3. Bb5+ Nd7 4. a4 Nf6 5. Nc3 e6 6. O-O a6 7. Be2 Qc7 8. a5
Ne5 9. d4 Nxf3+ 10. Bxf3 cxd4 11. Qxd4 e5 12. Qb6 Qxb6 13. axb6 Bd7 14. Rd1 Bc6
15. Nd5 Bxd5 16. exd5 Be7 17. c4 Nd7 18. Ra3 Bd8 19. Rb3 f5 20. Be3 Rc8 21. Be2
Kf7 22. f4 Re8 23. fxe5 Rxe5 24. Kf1 Re8 25. Bf4 Nc5 26. Rh3 Ne4 27. Rxh7 Kg8
28. Rh3 Bxb6 29. Rb3 Bc5 30. Rxb7 Rb8 31. Rxb8 Rxb8 32. Bc1 Kf7 33. Bd3 Nf2 34.
Rd2 Ng4 35. Re2 Nxh2+ 36. Ke1 g6 37. Bg5 Rb7 38. Kd1 Ng4 39. Kc2 Bd4 40. b3 Ne5
41. Bf4 Kf6 42. Bc1 a5 43. Ba3 Rb6 44. Re1 Bf2 45. Rb1 f4 46. Bb2 g5 47. Ra1 g4
48. Rxa5 f3 49. gxf3 g3 50. Bf1 Kf5 51. Bxe5 Kxe5 52. Ra8 Rb7 53. Re8+ Kf4 54.
Bg2 Rh7 55. Kd3 Rh2 56. Rf8+ Kg5 57. Rg8+ Kf5 58. Bf1 Be1 59. Ke3 Rb2 60. Bh3+
Kf6 61. Kf4 Rxb3 62. Bg2 Rb1 63. Kg4 Ke5 64. Re8+ Kd4 65. Re4+ Kd3 66. Kh3 Bf2
67. Rg4 Rb7 68. f4 Kd4 69. Rh4 Rf7 70. Rh6 Be1 71. Rxd6 Rh7+ 72. Kg4 Ke3 73. f5
Kf2 74. f6 Kxg2 75. Re6 Bf2 76. Re7 Rh8 77. Rg7 Kf1 78. Kf5 g2 79. Ke6 g1=Q 80.
Rxg1+ Bxg1 81. d6 Ke2 82. f7 Kd3 83. Ke7 Bc5 84. f8=Q Bxd6+ 85. Kxd6 Rxf8 86. c5
Kc4 87. c6 Kb5 88. c7 Kb6 89. Kd7 Rf7+ 90. Kd6 Rxc7 0-1

[Event "FIDE World Rapid Team"]
[Site "Almaty KAZ"]
[Date "2024.08.02"]
[Round "2.26"]
[White "Zhakshylykov, Erzhan"]
[Black "Primbetov, Nurassyl"]
[Result "1-0"]
[WhiteTitle "FM"]
[WhiteElo "2327"]
[BlackElo "1784"]
[WhiteTeam "Noval Group Kyrgystan"]
[BlackTeam "Baiterekchess"]
[WhiteFideId "13804111"]
[BlackFideId "447010193"]
[EventDate "2024.08.02"]

1. d4 d5 2. Nf3 Nf6 3. Bf4 Bf5 4. c4 e6 5. Nc3 c6 6. e3 Bd6 7. Bxd6 Qxd6 8. Qb3
b6 9. Be2 O-O 10. O-O Nbd7 11. Rfd1 Ne4 12. Rac1 a5 13. Nxe4 Bxe4 14. Nd2 Bg6
15. Qc3 Nf6 16. cxd5 cxd5 17. a3 Rfb8 18. Bb5 h5 19. Qc7 Qf8 20. Bc6 Rc8 21.
Qxb6 Rab8 22. Qxa5 Rxb2 23. Rc5 Rc2 24. Rc1 Rxc1+ 25. Rxc1 Qd6 26. Qc5 Qb8 27.
Qb4 Nd7 28. Nb3 Nb6 29. Na5 Nc4 30. Qxb8 Rxb8 31. Nxc4 dxc4 32. e4 c3 33. f3 Rc8
34. d5 exd5 35. Bxd5 Kf8 36. Kf2 c2 37. Ke2 Rc3 38. a4 Ra3 39. Bc6 Rc3 40. Bb5
f5 41. Kd2 Rc5 42. Bd3 fxe4 43. fxe4 Rg5 44. g3 h4 45. gxh4 Rg2+ 46. Ke3 Be8 47.
Rxc2 Rg4 48. a5 1-0

[Event "FIDE World Rapid Team"]
[Site "Almaty KAZ"]
[Date "2024.08.02"]
[Round "2.27"]
[White "Omarbek, Adlet"]
[Black "Sharshenbekov, Emir"]
[Result "0-1"]
[BlackTitle "CM"]
[WhiteElo "1713"]
[BlackElo "2078"]
[WhiteTeam "Baiterekchess"]
[BlackTeam "Noval Group Kyrgystan"]
[WhiteFideId "13779842"]
[BlackFideId "13810634"]
[EventDate "2024.08.02"]

1. e4 c5 2. Nf3 d6 3. Bb5+ Nd7 4. c3 a6 5. Ba4 Nf6 6. Bc2 g6 7. O-O Bg7 8. Re1
O-O 9. h3 b5 10. d4 Bb7 11. Bf4 Re8 12. Nbd2 cxd4 13. cxd4 e5 14. dxe5 dxe5 15.
Bh2 Qb6 16. a4 Rad8 17. Qe2 Bc6 18. a5 Qb8 19. Rac1 Bh6 20. Rcd1 Nh5 21. b4 Bf8
22. Rb1 Bb7 23. Bb3 h6 24. Nh4 Kg7 25. Nf5+ Kg8 26. Qg4 Ndf6 27. Qxg6+ Kh8 28.
Bxf7 Rxd2 29. g4 Qa7 30. Rf1 Bxe4 31. gxh5 Bxf5 32. Qxf6+ Bg7 33. Qxf5 Rf8 34.
Bxe5 Rxf7 35. Qc8+ Kh7 36. Qc3 Rfxf2 37. Kh1 Qb7+ 38. Kg1 Qg2# 0-1